The politics of economic and human resource development (Record no. 352632)

000 -LEADER
fixed length control field 00387cam a22001337a 4500
008 - FIXED-LENGTH DATA ELEMENTS--GENERAL INFORMATION
fixed length control field 180718b1972 xxu||||| |||| 00| 0 eng d
082 ## - DEWEY DECIMAL CLASSIFICATION NUMBER
Classification number T000 R482
100 ## - MAIN ENTRY--PERSONAL NAME
Personal name Ripley, R.B.
245 ## - TITLE STATEMENT
Title The politics of economic and human resource development
Statement of responsibility, etc. by R.B. Ripley
260 ## - PUBLICATION, DISTRIBUTION, ETC.
Place of publication, distribution, etc. New York
Name of publisher, distributor, etc. Bobbs-Merrill
Date of publication, distribution, etc. 1972
300 ## - PHYSICAL DESCRIPTION
Extent 184p.
650 ## - SUBJECT ADDED ENTRY--TOPICAL TERM
Topical term or geographic name entry element Public policy
650 ## - SUBJECT ADDED ENTRY--TOPICAL TERM
Topical term or geographic name entry element Economic development
Holdings
Withdrawn status Lost status Damaged status Not for loan Permanent Location Current Location Date acquired Full call number Barcode Date last seen Price effective from Koha item type
        Indian Institute of Public Administration Indian Institute of Public Administration 1993-11-24 T000 R482 48897 2018-07-21 2018-07-21 Book

Powered by Koha